Normal view
MARC view
- ENGINEERING DRAWING WITH AUTOCAD
Entry Topical Term
001 - CONTROL NUMBER
- control field: 28330
003 - CONTROL NUMBER IDENTIFIER
- control field: NUST
005 - DATE AND TIME OF LATEST TRANSACTION
- control field: 20200206145926.0
008 - FIXED-LENGTH DATA ELEMENTS
- fixed length control field: 200206|| aca||aabn | a|a d
040 ## - CATALOGING SOURCE
- Original cataloging agency: NUST
- Transcribing agency: NUST
150 ## - HEADING--TOPICAL TERM
- Topical term or geographic name entry element: ENGINEERING DRAWING WITH AUTOCAD
670 ## - SOURCE DATA FOUND
- Source citation: Work cat.: (NUST): Arshad N. Siddique 28329, Engineering Drawing with a Primer on Autocad, 2004
